| 000 | 00658nam a22001937a 4500 | ||
|---|---|---|---|
| 999 |
_c169491 _d169491 |
||
| 005 | 20191121150633.0 | ||
| 010 | _aUR-10598 | ||
| 020 |
_c400.00 _a9789389358117 |
||
| 035 | _aU-9153 | ||
| 037 |
_bDBAD/PUB _a- |
||
| 082 | _a844.92 | ||
| 100 | _aمختا ر ا لد ين ا حمد | ||
| 245 |
_aنقش د و ا م _cمختا ر ا لد ين ا حمد |
||
| 246 |
_bNaqsh-e-Dawam (Urdu) _aby Mukhtaruddin Ahmed |
||
| 260 |
_aDelhi _bEducational Publishing House _c2019 ء |
||
| 270 |
_a3191,Vakil Street, Kucha Pandit,Lal Kuan, _bDelhi _e110006 _k01123216162 _l- |
||
| 300 |
_a510 ص _c22 Cm(Hb) |
||
| 942 |
_2ddc _cUR _h844.92 _mم خ ت |
||